000 02110nam a22003017a 4500
003 DO-SdBNP
005 20250521125404.0
007 ta
008 210304b 2020 dr a00| 0 eng d
020 _a9789945618136
040 _aDO-SdBNP
_bspa
_cBNPHU
041 _hspa
082 4 _a363.61
_bR696a
_222
100 1 _aRodríguez Sánchez, Marco Octavio,
_d1938-
_978003
245 1 0 _aApuntes para la historia del abastecimiento de agua potable y alcantarillado en la República Dominicana /
_cMarco Octavio Rodríguez Sánchez ; coordinación de la edición: Mercedes García Marín, Gregorio Morillo Rodríguez y Xiomara P. Peralta Aquino.
260 _aSanto Domingo :
_bAmigo del Hogar,
_c2020.
300 _a503 p. :
_bil., retrs. ;
_c27 cm.
500 _aIncluye datos biográficos del autor en la solapa de la cubierta.
504 _aBibliografía : p. 499-503
505 0 _aEl autor, visto por el mismo, 13.-- Reconocimientos, 17.-- Prefacio, 21.-- I. Apuntes para la historia del abastecimiento de agua potable y alcantarillado en la República Dominicana, 25.-- II. Desde el descubrimiento hasta la primera mitad del siglo XVI, 29.-- III. Siglos XVI (segunda mitad), XVII, XVIII, XIX, 63.-- IV. Siglo XX: 1900-1944, 83.-- V. Siglo XX: 1945-1953, 165.-- VI. Siglo XX: 1954-1960, 193.-- VII. Siglo XX: 1961-1966, 213.-- VIII. Siglo XX: 1967-1978, 247.-- IX. Siglo XX: 1979-1986, 307.-- X. Siglo XX: 1987-1996, 357.-- XI. Siglo XX: 1997-2000, 401.-- XII. Siglo XXI: 2001-2004, 421.-- XIII. Situación actual: evaluación de cobertura de los servicios de APS, 441.-- XIV. Diagnóstico sectorial, 447.-- XV. Antecedentes de la reforma del sector APS y eventos principales, 463.
590 _aInventariado, 2021 /LP
650 0 _aAbastecimiento de agua
_zRepública Dominicana
_911680
_2LEMB
700 1 _aGarcía Marín, Mercedes,
_ecoordinación de la edición
_936777
700 1 _aMorillo Rodríguez, Gregorio,
_ecoordinación de la edición
_978004
700 1 _aPeralta Aquino, Xiomara P.,
_ecoordinación de la edición
_978005
910 _aValidado. Control de calidad. MAA
942 _2ddc
_cLBS1
999 _c49492
_d49492